[Event "WCO 2016"]
[Site "?"]
[Date "2016.09.11"]
[Round "9"]
[Board "13"]
[WhiteID "7400446"]
[White "Richards Deborah"]
[BlackID "411850"]
[Black "Smith Olivia"]
[Result "0-1"]
[BlackElo "2002"]
[WhiteElo "2023"]
[LiveChessVersion "1.4.8"]

1. c4 {[%clk 1:30:56]} Nf6 {[%clk 1:30:50]} 2. Nc3 {[%clk 1:31:20]} g6
{[%clk 1:31:04]} 3. e4 {[%clk 1:31:39]} d6 {[%clk 1:31:23]} 4. d4
{[%clk 1:32:04]} Bg7 {[%clk 1:31:33]} 5. f3 {[%clk 1:31:56]} O-O {[%clk 1:31:22]}
6. Be3 {[%clk 1:32:18]} Nbd7 {[%clk 1:27:28]} 7. Nge2 {[%clk 1:32:26]} e5
{[%clk 1:26:29]} 8. d5 {[%clk 1:32:33]} Ne8 {[%clk 1:19:41]} 9. g4
{[%clk 1:31:17]} a5 {[%clk 1:05:49]} 10. Qd2 {[%clk 1:29:26]} Nc5
{[%clk 1:04:47]} 11. h4 {[%clk 1:28:00]} f5 {[%clk 0:59:23]} 12. gxf5
{[%clk 1:27:23]} gxf5 {[%clk 0:59:35]} 13. Bg5 {[%clk 1:24:56]} Qd7
{[%clk 0:57:59]} 14. O-O-O {[%clk 1:03:28]} f4 {[%clk 0:51:37]} 15. h5
{[%clk 1:01:00]} h6 {[%clk 0:49:59]} 16. Bh4 {[%clk 1:01:25]} Qf7
{[%clk 0:48:06]} 17. Bg2 {[%clk 0:57:11]} Nd7 {[%clk 0:33:49]} 18. Rdg1
{[%clk 0:53:38]} Ndf6 {[%clk 0:33:01]} 19. Bh3 {[%clk 0:45:31]} Bxh3
{[%clk 0:32:52]} 20. Rxh3 {[%clk 0:45:56]} Nxh5 {[%clk 0:31:05]} 21. Bf2
{[%clk 0:42:59]} Kh7 {[%clk 0:28:02]} 22. Rgh1 {[%clk 0:37:51]} Nhf6
{[%clk 0:27:13]} 23. Ng1 {[%clk 0:38:04]} Ng8 {[%clk 0:26:17]} 24. R3h2
{[%clk 0:38:24]} Bf6 {[%clk 0:24:43]} 25. Nh3 {[%clk 0:37:02]} Qe7
{[%clk 0:24:11]} 26. Ne2 {[%clk 0:35:44]} Rf7 {[%clk 0:22:10]} 27. Kb1
{[%clk 0:35:57]} Rg7 {[%clk 0:21:04]} 28. Be1 {[%clk 0:35:08]} Rg6
{[%clk 0:18:55]} 29. Nf2 {[%clk 0:35:05]} Bg5 {[%clk 0:18:29]} 30. Nh3
{[%clk 0:34:17]} Qg7 {[%clk 0:17:23]} 31. Nxg5+ {[%clk 0:31:35]} Rxg5
{[%clk 0:17:47]} 32. Qd3 {[%clk 0:29:20]} b6 {[%clk 0:16:34]} 33. Nc3
{[%clk 0:26:35]} Nef6 {[%clk 0:13:34]} 34. Qe2 {[%clk 0:26:47]} Nd7
{[%clk 0:11:52]} 35. Qf1 {[%clk 0:23:46]} Nc5 {[%clk 0:08:19]} 36. Nb5
{[%clk 0:23:43]} Rg6 {[%clk 0:07:30]} 37. Bh4 {[%clk 0:22:45]} Rf8
{[%clk 0:05:57]} 38. Bf2 {[%clk 0:22:25]} Rf7 {[%clk 0:04:18]} 39. a3
{[%clk 0:22:27]} Nb3 {[%clk 0:03:30]} 40. Ka2 {[%clk 0:51:39]} Nc5
{[%clk 0:33:37]} 41. Bh4 {[%clk 0:44:13]} Qf8 {[%clk 0:30:54]} 42. Bf2
{[%clk 0:22:25]} Qc8 {[%clk 0:28:46]} 43. Rg1 {[%clk 0:16:47]} Rfg7
{[%clk 0:24:04]} 44. Rgh1 {[%clk 0:16:19]} Rf7 {[%clk 0:23:09]} 45. Rh5
{[%clk 0:16:27]} Kg7 {[%clk 0:22:43]} 46. Rg1 {[%clk 0:12:51]} Rxg1
{[%clk 0:21:27]} 47. Qxg1+ {[%clk 0:13:15]} Kh7 {[%clk 0:19:39]} 48. Qh2
{[%clk 0:08:35]} Rf6 {[%clk 0:16:53]} 49. Bh4 {[%clk 0:07:10]} Rg6
{[%clk 0:17:11]} 50. Bf2 {[%clk 0:05:35]} Nd3 {[%clk 0:15:42]} 51. Bh4
{[%clk 0:05:46]} Qd7 {[%clk 0:15:08]} 52. Qc2 {[%clk 0:02:43]} Nc5
{[%clk 0:15:07]} 53. Bf2 {[%clk 0:02:00]} Rg5 {[%clk 0:13:20]} 54. Rh2
{[%clk 0:02:05]} Nb7 {[%clk 0:12:34]} 55. Qe2 {[%clk 0:01:58]} Qg7
{[%clk 0:11:56]} 56. Bh4 {[%clk 0:01:57]} Rg6 {[%clk 0:11:58]} 57. Bd8
{[%clk 0:02:15]} Nxd8 {[%clk 0:12:16]} 0-1

[Event "WCO 2016"]
[Site "?"]
[Date "2016.09.11"]
[Round "9"]
[Board "14"]
[WhiteID "1802240"]
[White "Camp Imogen A L"]
[BlackID "7401302"]
[Black "Miller Rachel"]
[Result "1/2-1/2"]
[BlackElo "1971"]
[WhiteElo "1718"]
[LiveChessVersion "1.4.8"]

1. d4 {[%clk 1:30:58]} Nf6 {[%clk 1:30:43]} 2. Nf3 {[%clk 1:31:22]} c5
{[%clk 1:30:51]} 3. c3 {[%clk 1:31:47]} b6 {[%clk 1:30:57]} 4. Bf4
{[%clk 1:32:12]} Bb7 {[%clk 1:30:54]} 5. e3 {[%clk 1:32:36]} d6 {[%clk 1:27:37]}
6. Bd3 {[%clk 1:32:37]} g6 {[%clk 1:25:29]} 7. Qe2 {[%clk 1:30:03]} Bg7
{[%clk 1:23:23]} 8. e4 {[%clk 1:26:42]} cxd4 {[%clk 1:22:48]} 9. cxd4
{[%clk 1:26:44]} O-O {[%clk 1:21:23]} 10. O-O {[%clk 1:25:21]} Nbd7
{[%clk 1:21:11]} 11. Nc3 {[%clk 1:24:07]} Nh5 {[%clk 1:09:44]} 12. Bg5
{[%clk 1:18:23]} h6 {[%clk 1:08:38]} 13. Be3 {[%clk 1:16:35]} e5 {[%clk 1:05:59]}
14. dxe5 {[%clk 1:12:42]} dxe5 {[%clk 1:02:40]} 15. Rfd1 {[%clk 1:08:56]} Qe7
{[%clk 0:50:56]} 16. Bc4 {[%clk 1:02:48]} Nhf6 {[%clk 0:42:08]} 17. Nd5
{[%clk 0:56:35]} Nxd5 {[%clk 0:42:13]} 18. Bxd5 {[%clk 0:56:57]} Nf6
{[%clk 0:42:22]} 19. Bxb7 {[%clk 0:41:19]} Qxb7 {[%clk 0:42:04]} 20. Nd2
{[%clk 0:26:10]} Nxe4 {[%clk 0:34:01]} 21. Bxh6 {[%clk 0:21:04]} Nxd2
{[%clk 0:26:08]} 22. Qxd2 {[%clk 0:18:50]} Qe7 {[%clk 0:19:02]} 23. Bxg7
{[%clk 0:17:42]} Kxg7 {[%clk 0:19:24]} 24. Rac1 {[%clk 0:16:25]} Rad8
{[%clk 0:13:24]} 25. Qc3 {[%clk 0:16:32]} Rxd1+ {[%clk 0:13:07]} 26. Rxd1
{[%clk 0:16:54]} Kg8 {[%clk 0:12:43]} 27. g3 {[%clk 0:16:42]} Qe6
{[%clk 0:11:44]} 28. Qa3 {[%clk 0:12:41]} Qg4 {[%clk 0:05:48]} 29. Re1
{[%clk 0:08:17]} Qd4 {[%clk 0:06:13]} 30. Qxa7 {[%clk 0:04:25]} Qxb2
{[%clk 0:06:33]} 31. Qe7 {[%clk 0:04:28]} Qxa2 {[%clk 0:06:52]} 1/2-1/2

[Event "WCO 2016"]
[Site "?"]
[Date "2016.09.11"]
[Round "9"]
[Board "15"]
[WhiteID "7400411"]
[White "Barrett Ariel"]
[BlackID "1802887"]
[Black "Sivarajasingam Shayanna"]
[Result "0-1"]
[BlackElo "1687"]
[WhiteElo "1763"]
[LiveChessVersion "1.4.8"]

1. c4 {[%clk 1:30:57]} e6 {[%clk 1:30:55]} 2. Nc3 {[%clk 1:28:40]} d5
{[%clk 1:31:14]} 3. d4 {[%clk 1:28:32]} Nf6 {[%clk 1:31:39]} 4. Nf3
{[%clk 1:27:30]} Be7 {[%clk 1:31:54]} 5. e3 {[%clk 1:25:11]} O-O {[%clk 1:31:56]}
6. Be2 {[%clk 1:19:57]} dxc4 {[%clk 1:32:03]} 7. Bxc4 {[%clk 1:20:25]} a6
{[%clk 1:32:16]} 8. a4 {[%clk 1:19:26]} Nbd7 {[%clk 1:24:33]} 9. O-O
{[%clk 1:09:15]} b6 {[%clk 1:22:48]} 10. Rb1 {[%clk 1:01:42]} c5 {[%clk 1:19:13]}
11. dxc5 {[%clk 0:50:18]} Nxc5 {[%clk 1:16:12]} 12. b4 {[%clk 0:48:45]} Nce4
{[%clk 1:16:00]} 13. Nxe4 {[%clk 0:45:16]} Nxe4 {[%clk 1:15:46]} 14. Qb3
{[%clk 0:41:50]} Bb7 {[%clk 1:10:31]} 15. Rd1 {[%clk 0:39:27]} Qc7
{[%clk 1:10:29]} 16. Bb2 {[%clk 0:37:19]} Bf6 {[%clk 1:08:00]} 17. Rbc1
{[%clk 0:29:53]} Qe7 {[%clk 1:06:44]} 18. Bxf6 {[%clk 0:22:46]} Nxf6
{[%clk 1:06:47]} 19. Be2 {[%clk 0:19:56]} Rac8 {[%clk 1:01:20]} 20. Nd4
{[%clk 0:13:21]} Rfd8 {[%clk 0:54:27]} 21. b5 {[%clk 0:12:49]} a5
{[%clk 0:54:06]} 22. Nc6 Rxd1+ {[%clk 0:51:09]} 23. Bxd1 {[%clk 0:10:43]} Qe8
{[%clk 0:45:03]} 24. Bf3 {[%clk 0:07:54]} Nd7 {[%clk 0:43:52]} 25. Qd1
{[%clk 0:02:40]} Nc5 {[%clk 0:43:37]} 26. Qd6 {[%clk 0:01:25]} Kh8
{[%clk 0:25:56]} 0-1

[Event "WCO 2016"]
[Site "?"]
[Date "2016.09.11"]
[Round "9"]
[Board "16"]
[WhiteID "1802895"]
[White "Sivarajasingam Venetia"]
[BlackID "7400691"]
[Black "Smith Melisha"]
[Result "0-1"]
[BlackElo "1719"]
[WhiteElo "1631"]
[LiveChessVersion "1.4.8"]

1. e4 {[%clk 1:30:52]} c5 {[%clk 1:30:52]} 2. Nf3 {[%clk 1:31:07]} e6
{[%clk 1:31:13]} 3. c4 {[%clk 1:31:23]} b6 {[%clk 1:31:13]} 4. Nc3
{[%clk 1:31:18]} Bb7 {[%clk 1:31:23]} 5. Be2 {[%clk 1:31:02]} a6 {[%clk 1:31:22]}
6. d4 {[%clk 1:30:26]} cxd4 {[%clk 1:31:41]} 7. Nxd4 {[%clk 1:30:26]} d6
{[%clk 1:31:52]} 8. O-O {[%clk 1:29:00]} Nd7 {[%clk 1:30:07]} 9. Be3
{[%clk 1:27:52]} Ngf6 {[%clk 1:29:41]} 10. Qc2 {[%clk 1:25:57]} Be7
{[%clk 1:28:00]} 11. Rad1 {[%clk 1:25:57]} Qc7 {[%clk 1:27:05]} 12. Nb3
{[%clk 1:10:20]} O-O {[%clk 1:23:57]} 13. f3 {[%clk 1:10:16]} Rac8
{[%clk 1:23:58]} 14. Qd2 {[%clk 1:09:29]} Ne5 {[%clk 1:17:42]} 15. Qe1
{[%clk 1:01:58]} Nxc4 {[%clk 0:58:42]} 16. Bxc4 {[%clk 1:01:51]} Qxc4
{[%clk 0:59:03]} 17. Bxb6 {[%clk 1:02:07]} d5 {[%clk 0:57:55]} 18. e5
{[%clk 0:59:48]} Nd7 {[%clk 0:51:45]} 19. Bd4 {[%clk 0:57:42]} Ba8
{[%clk 0:45:45]} 20. Qg3 {[%clk 0:56:31]} Rb8 {[%clk 0:42:25]} 21. Bf2
{[%clk 0:51:45]} Qc7 {[%clk 0:40:59]} 22. f4 {[%clk 0:46:39]} Nc5
{[%clk 0:35:37]} 23. Nxc5 {[%clk 0:45:00]} Bxc5 {[%clk 0:35:46]} 24. b3
{[%clk 0:36:53]} Rfc8 {[%clk 0:31:25]} 25. Rc1 {[%clk 0:36:23]} Bxf2+
{[%clk 0:29:40]} 26. Rxf2 {[%clk 0:35:41]} Qa7 {[%clk 0:29:34]} 27. Rcf1
{[%clk 0:34:01]} Rc7 {[%clk 0:28:17]} 28. Kh1 {[%clk 0:25:53]} Rbc8
{[%clk 0:27:52]} 29. Nd1 {[%clk 0:25:32]} Rc2 {[%clk 0:26:28]} 30. f5
{[%clk 0:17:37]} Rxf2 {[%clk 0:24:59]} 31. Nxf2 {[%clk 0:16:48]} exf5
{[%clk 0:23:20]} 32. h4 {[%clk 0:13:45]} d4 {[%clk 0:22:07]} 33. Qd3
{[%clk 0:08:21]} Qb7 {[%clk 0:20:27]} 34. Rg1 {[%clk 0:08:40]} Rc1
{[%clk 0:19:16]} 35. Nd1 {[%clk 0:07:55]} Qe4 {[%clk 0:19:03]} 36. Qg3
{[%clk 0:06:26]} Qg4 {[%clk 0:15:46]} 37. Qxg4 {[%clk 0:06:18]} fxg4
{[%clk 0:16:09]} 38. Nf2 {[%clk 0:04:51]} Rxg1+ {[%clk 0:16:22]} 39. Kxg1
{[%clk 0:05:17]} g3 {[%clk 0:16:23]} 40. Nd1 {[%clk 0:34:45]} Kf8
{[%clk 0:44:56]} 41. Kf1 {[%clk 0:33:29]} Ke7 {[%clk 0:45:00]} 42. Nb2
{[%clk 0:33:36]} Ke6 {[%clk 0:44:40]} 43. Nc4 {[%clk 0:33:58]} d3
{[%clk 0:43:18]} 44. b4 {[%clk 0:33:58]} Bd5 {[%clk 0:43:10]} 45. Nb2
{[%clk 0:34:06]} Bxa2 {[%clk 0:42:41]} 46. Ke1 {[%clk 0:32:15]} Bb1
{[%clk 0:38:32]} 47. Nc4 {[%clk 0:30:40]} Kd5 {[%clk 0:37:28]} 0-1

[Event "WCO 2016"]
[Site "?"]
[Date "2016.09.11"]
[Round "9"]
[Board "13"]
[WhiteID "6502911"]
[White "Rodriguez Arrieta Maria Elena"]
[BlackID "1404695"]
[Black "Vovk Oksana"]
[Result "1-0"]
[BlackElo "2204"]
[WhiteElo "1903"]
[LiveChessVersion "1.4.8"]

1. e4 {[%clk 1:30:54]} e6 {[%clk 1:30:56]} 2. d4 {[%clk 1:31:17]} d5
{[%clk 1:31:20]} 3. Nd2 {[%clk 1:31:42]} Nc6 {[%clk 1:31:12]} 4. Ngf3
{[%clk 1:30:18]} Nf6 {[%clk 1:31:32]} 5. e5 {[%clk 1:28:46]} Nd7 {[%clk 1:31:12]}
6. c3 {[%clk 1:28:03]} f6 {[%clk 1:30:43]} 7. exf6 {[%clk 1:28:27]} Qxf6
{[%clk 1:30:48]} 8. Bb5 {[%clk 1:25:01]} Bd6 {[%clk 1:28:21]} 9. O-O
{[%clk 1:24:42]} O-O {[%clk 1:27:42]} 10. Nb3 {[%clk 1:19:45]} e5
{[%clk 1:18:22]} 11. dxe5 {[%clk 1:16:40]} Ndxe5 {[%clk 1:18:31]} 12. Nxe5
{[%clk 1:16:27]} Nxe5 {[%clk 1:09:38]} 13. f4 {[%clk 1:02:29]} Ng4
{[%clk 1:05:31]} 14. Qxd5+ {[%clk 1:02:13]} Be6 {[%clk 1:05:28]} 15. Qd4
{[%clk 1:01:39]} Qh4 {[%clk 0:44:30]} 16. h3 {[%clk 1:00:53]} Nh6
{[%clk 0:44:04]} 17. Bc4 {[%clk 0:54:06]} Bxc4 {[%clk 0:43:52]} 18. Qxc4+
{[%clk 0:54:30]} Kh8 {[%clk 0:44:09]} 19. Bd2 {[%clk 0:43:38]} Nf5
{[%clk 0:37:29]} 20. Nc5 {[%clk 0:41:46]} Ng3 {[%clk 0:35:13]} 21. Rf3
{[%clk 0:40:02]} Ne2+ {[%clk 0:21:37]} 22. Qxe2 {[%clk 0:39:06]} Bxc5+
{[%clk 0:22:02]} 23. Kh2 {[%clk 0:38:48]} Rfe8 {[%clk 0:20:29]} 24. Qc4
{[%clk 0:36:56]} Bb6 {[%clk 0:16:57]} 25. Qf1 {[%clk 0:34:47]} Rad8
{[%clk 0:13:26]} 26. Rd1 {[%clk 0:32:28]} Qh5 {[%clk 0:09:59]} 27. c4
{[%clk 0:28:05]} Bd4 {[%clk 0:06:55]} 28. Bc3 {[%clk 0:27:35]} Bxc3
{[%clk 0:05:53]} 29. Rxd8 {[%clk 0:27:46]} Rxd8 {[%clk 0:06:18]} 30. Rxc3
{[%clk 0:28:07]} Qf5 {[%clk 0:05:41]} 31. Qc1 {[%clk 0:24:02]} Rd4
{[%clk 0:03:36]} 32. Rf3 {[%clk 0:24:21]} Qe4 {[%clk 0:03:38]} 33. b3
{[%clk 0:24:21]} h6 {[%clk 0:03:08]} 34. Qe3 {[%clk 0:24:04]} Kg8
{[%clk 0:02:37]} 35. Qxe4 {[%clk 0:24:04]} Rxe4 {[%clk 0:03:06]} 36. Kg3
{[%clk 0:23:43]} Kf7 {[%clk 0:02:15]} 37. Rd3 {[%clk 0:22:58]} Re7
{[%clk 0:02:25]} 38. Kf3 {[%clk 0:22:57]} Kf6 {[%clk 0:02:36]} 39. g4
{[%clk 0:22:08]} g6 {[%clk 0:02:20]} 40. Rd8 {[%clk 0:52:13]} Kf7
{[%clk 0:31:47]} 41. Ra8 {[%clk 0:50:53]} a6 {[%clk 0:31:01]} 42. Rb8
{[%clk 0:51:15]} b6 {[%clk 0:29:28]} 43. Ra8 {[%clk 0:50:58]} a5 {[%clk 0:29:40]}
44. Rd8 {[%clk 0:51:10]} Kf6 {[%clk 0:28:55]} 45. Rd5 {[%clk 0:50:52]} Kf7
{[%clk 0:28:38]} 46. c5 {[%clk 0:47:18]} bxc5 {[%clk 0:22:49]} 47. Rxc5
{[%clk 0:47:41]} a4 {[%clk 0:23:10]} 48. b4 {[%clk 0:46:35]} Rd7 {[%clk 0:20:51]}
49. Rc3 {[%clk 0:46:57]} Ke6 {[%clk 0:19:53]} 50. Ke4 {[%clk 0:45:59]} Rd2
{[%clk 0:19:02]} 51. Ra3 {[%clk 0:44:57]} Re2+ {[%clk 0:16:34]} 52. Kf3
{[%clk 0:44:56]} Rh2 {[%clk 0:16:25]} 53. Rxa4 {[%clk 0:44:46]} Rxh3+
{[%clk 0:16:44]} 54. Ke4 {[%clk 0:44:24]} Rh4 {[%clk 0:15:29]} 55. Ra6+
{[%clk 0:44:25]} Kf7 {[%clk 0:15:52]} 56. Rc6 {[%clk 0:44:33]} Rxg4
{[%clk 0:16:12]} 57. Rxc7+ {[%clk 0:44:58]} Ke6 {[%clk 0:16:24]} 58. b5
{[%clk 0:42:44]} g5 {[%clk 0:14:24]} 59. Rc6+ {[%clk 0:42:58]} Kd7
{[%clk 0:14:43]} 60. Rxh6 {[%clk 0:42:51]} Rxf4+ {[%clk 0:14:55]} 61. Kd5
{[%clk 0:41:29]} Kc7 {[%clk 0:13:54]} 62. Rg6 {[%clk 0:41:12]} Ra4
{[%clk 0:11:42]} 63. Kc5 {[%clk 0:41:10]} Rxa2 {[%clk 0:10:19]} 64. Rg7+
{[%clk 0:41:33]} Kb8 {[%clk 0:08:51]} 65. Kb6 {[%clk 0:41:49]} Kc8
{[%clk 0:08:31]} 66. Rg8+ {[%clk 0:41:55]} Kd7 {[%clk 0:08:59]} 67. Rxg5
{[%clk 0:42:07]} Kc8 {[%clk 0:07:59]} 68. Rg8+ {[%clk 0:42:21]} Kd7
{[%clk 0:08:27]} 69. Kb7 {[%clk 0:42:36]} Ra1 {[%clk 0:06:52]} 70. b6
{[%clk 0:42:54]} Ra2 {[%clk 0:07:07]} 71. Kb8 {[%clk 0:42:54]} Ra1
{[%clk 0:06:18]} 72. Rg7+ {[%clk 0:38:40]} Kd8 {[%clk 0:03:33]} 73. Rg2
{[%clk 0:38:58]} Kd7 {[%clk 0:03:50]} 74. Rb2 {[%clk 0:38:31]} Kc6
{[%clk 0:03:32]} 75. b7 {[%clk 0:38:33]} Kd7 {[%clk 0:03:53]} 76. Rd2+
{[%clk 0:38:39]} Ke7 {[%clk 0:03:56]} 77. Rd4 {[%clk 0:37:16]} Rc1
{[%clk 0:03:25]} 78. Ka7 {[%clk 0:37:35]} Ra1+ {[%clk 0:03:47]} 79. Kb6
{[%clk 0:38:00]} Rb1+ {[%clk 0:04:06]} 80. Kc6 {[%clk 0:38:25]} 1-0

[Event "WCO 2016"]
[Site "?"]
[Date "2016.09.11"]
[Round "9"]
[Board "14"]
[WhiteID "1436589"]
[White "Vangsgaard Freja"]
[BlackID "6502938"]
[Black "Acevedo Mendez Lisseth"]
[Result "0-1"]
[BlackElo "1857"]
[WhiteElo "1983"]
[LiveChessVersion "1.4.8"]

1. d4 {[%clk 1:30:57]} f5 {[%clk 1:30:40]} 2. g3 {[%clk 1:31:15]} e6
{[%clk 1:31:04]} 3. Bg2 {[%clk 1:31:25]} Nf6 {[%clk 1:31:29]} 4. c4
{[%clk 1:31:18]} Bb4+ {[%clk 1:31:32]} 5. Nd2 {[%clk 1:31:18]} O-O
{[%clk 1:31:53]} 6. Ngf3 {[%clk 1:31:00]} b6 {[%clk 1:32:01]} 7. a3
{[%clk 1:26:53]} Be7 {[%clk 1:29:38]} 8. Ne5 {[%clk 1:23:31]} d5 {[%clk 1:29:31]}
9. O-O {[%clk 1:21:34]} Bb7 {[%clk 1:29:57]} 10. b4 {[%clk 1:18:32]} Nbd7
{[%clk 1:26:55]} 11. Nd3 {[%clk 1:14:18]} Ne4 {[%clk 1:23:21]} 12. c5
{[%clk 1:11:17]} Nc3 {[%clk 1:21:44]} 13. Qe1 {[%clk 1:11:12]} Bf6
{[%clk 1:22:09]} 14. Nf3 {[%clk 1:10:47]} Ne4 {[%clk 1:14:50]} 15. Rb1
{[%clk 1:07:51]} Qe8 {[%clk 1:02:53]} 16. Bb2 {[%clk 1:00:31]} Ba6
{[%clk 1:01:23]} 17. Ba1 {[%clk 0:54:39]} Bxd3 {[%clk 0:53:39]} 18. exd3
{[%clk 0:49:03]} Ng5 {[%clk 0:54:02]} 19. c6 {[%clk 0:48:43]} Nb8
{[%clk 0:49:19]} 20. b5 {[%clk 0:48:55]} Nf7 {[%clk 0:49:41]} 21. a4
{[%clk 0:44:57]} a6 {[%clk 0:49:01]} 22. Bc3 {[%clk 0:44:17]} Nd8
{[%clk 0:34:58]} 23. Ne5 {[%clk 0:40:04]} Be7 {[%clk 0:32:36]} 24. Qe2
{[%clk 0:37:53]} Rf6 {[%clk 0:31:37]} 25. Rfe1 {[%clk 0:35:56]} Qf8
{[%clk 0:30:25]} 26. Bd2 {[%clk 0:32:15]} h6 {[%clk 0:28:13]} 27. Qh5
{[%clk 0:28:48]} axb5 {[%clk 0:28:13]} 28. axb5 {[%clk 0:24:57]} Ra4
{[%clk 0:28:24]} 29. Ng6 {[%clk 0:24:28]} Qe8 {[%clk 0:28:08]} 30. Nxe7+
{[%clk 0:24:42]} Qxe7 {[%clk 0:28:33]} 31. Bb4 {[%clk 0:24:52]} Rxb4
{[%clk 0:27:43]} 32. Qe2 {[%clk 0:18:05]} Qd6 {[%clk 0:25:37]} 33. Qa2
{[%clk 0:15:49]} Rxb1 {[%clk 0:24:37]} 34. Rxb1 {[%clk 0:16:03]} Nbxc6
{[%clk 0:24:56]} 35. bxc6 {[%clk 0:15:18]} Nxc6 {[%clk 0:25:21]} 36. Qa4
{[%clk 0:14:19]} Rf8 {[%clk 0:22:38]} 37. Rc1 {[%clk 0:13:15]} Ne7
{[%clk 0:19:59]} 38. Qa7 {[%clk 0:12:00]} Rc8 {[%clk 0:18:47]} 39. Rb1
{[%clk 0:09:30]} Qc6 {[%clk 0:14:33]} 40. Qa3 {[%clk 0:37:55]} Qe8
{[%clk 0:44:56]} 41. Qc3 {[%clk 0:26:13]} Qa4 {[%clk 0:42:40]} 42. Qe1
{[%clk 0:12:28]} Qd7 {[%clk 0:36:55]} 43. Qe3 {[%clk 0:08:27]} Ra8
{[%clk 0:31:58]} 44. Re1 {[%clk 0:07:06]} Kf7 {[%clk 0:32:20]} 45. Bf3
{[%clk 0:07:08]} Qd6 {[%clk 0:31:46]} 46. Bh5+ {[%clk 0:06:22]} Kf8
{[%clk 0:25:23]} 47. Qxe6 {[%clk 0:03:05]} Qxe6 {[%clk 0:25:49]} 48. Rxe6
{[%clk 0:03:30]} Ra4 {[%clk 0:26:16]} 49. Re1 {[%clk 0:03:28]} g6
{[%clk 0:26:16]} 50. Be2 {[%clk 0:03:43]} Rxd4 {[%clk 0:25:55]} 51. Rb1
{[%clk 0:03:21]} Ra4 {[%clk 0:26:13]} 52. Kg2 {[%clk 0:03:18]} Ra2
{[%clk 0:26:07]} 53. Kf1 {[%clk 0:02:53]} Ke8 {[%clk 0:26:21]} 54. f4
{[%clk 0:02:46]} Kd7 {[%clk 0:26:30]} 55. h3 {[%clk 0:02:37]} Nc6
{[%clk 0:26:48]} 56. Bd1 {[%clk 0:02:03]} Kd6 {[%clk 0:26:32]} 57. g4
{[%clk 0:01:38]} Nd4 {[%clk 0:26:16]} 58. Rb4 {[%clk 0:01:40]} Ne6
{[%clk 0:24:21]} 59. gxf5 {[%clk 0:01:47]} gxf5 {[%clk 0:24:46]} 60. d4
{[%clk 0:01:23]} Rd2 {[%clk 0:25:04]} 61. Bb3 {[%clk 0:01:15]} Rxd4
{[%clk 0:25:26]} 62. Rb5 {[%clk 0:01:23]} Rxf4+ {[%clk 0:25:44]} 63. Kg2
{[%clk 0:01:41]} Nc5 {[%clk 0:26:00]} 64. Kg3 {[%clk 0:01:58]} Rd4
{[%clk 0:26:06]} 65. Bc2 {[%clk 0:02:20]} Ke5 0-1

[Event "WCO 2016"]
[Site "?"]
[Date "2016.09.11"]
[Round "9"]
[Board "15"]
[WhiteID "6504396"]
[White "Nunez Gonzalez Neeshmy"]
[BlackID "1404113"]
[Black "Fredericia Louise"]
[Result "0-1"]
[BlackElo "2117"]
[WhiteElo "1833"]
[LiveChessVersion "1.4.8"]

1. d4 {[%clk 1:30:54]} e6 {[%clk 1:30:49]} 2. Nf3 {[%clk 1:31:19]} f5
{[%clk 1:31:10]} 3. e3 {[%clk 1:31:42]} Nf6 {[%clk 1:31:32]} 4. Bd3
{[%clk 1:32:01]} b6 {[%clk 1:31:51]} 5. c4 {[%clk 1:31:47]} Bb7 {[%clk 1:31:31]}
6. Nc3 {[%clk 1:31:19]} Bb4 {[%clk 1:30:39]} 7. O-O {[%clk 1:31:03]} Bxc3
{[%clk 1:28:42]} 8. bxc3 {[%clk 1:31:27]} O-O {[%clk 1:27:52]} 9. Be2
{[%clk 1:24:51]} Ne4 {[%clk 1:19:40]} 10. Qb3 {[%clk 1:21:57]} Nc6
{[%clk 1:12:09]} 11. Bb2 {[%clk 1:07:54]} d6 {[%clk 1:06:15]} 12. Qc2
{[%clk 0:49:59]} Na5 {[%clk 1:03:47]} 13. Bd3 {[%clk 0:36:17]} Rf6
{[%clk 0:59:29]} 14. Nd2 {[%clk 0:31:56]} Rh6 {[%clk 0:54:31]} 15. Nxe4
{[%clk 0:20:37]} Bxe4 {[%clk 0:51:33]} 16. Bxe4 {[%clk 0:20:49]} Qh4
{[%clk 0:50:31]} 17. h3 {[%clk 0:15:22]} fxe4 {[%clk 0:50:34]} 18. Qe2
{[%clk 0:15:17]} Rf8 {[%clk 0:48:33]} 19. Rad1 {[%clk 0:10:03]} Rff6
{[%clk 0:46:17]} 20. Qg4 {[%clk 0:07:59]} Qxg4 {[%clk 0:46:16]} 21. hxg4
{[%clk 0:08:24]} Rhg6 {[%clk 0:46:32]} 22. f3 {[%clk 0:08:08]} Nxc4
{[%clk 0:44:04]} 23. Bc1 {[%clk 0:08:27]} exf3 {[%clk 0:42:58]} 24. gxf3
{[%clk 0:08:38]} h5 {[%clk 0:42:56]} 25. Kh2 {[%clk 0:06:43]} hxg4
{[%clk 0:42:53]} 26. f4 {[%clk 0:06:37]} d5 {[%clk 0:41:05]} 27. Kg3
{[%clk 0:06:43]} Nd6 {[%clk 0:41:16]} 28. Kg2 {[%clk 0:06:18]} Ne4
{[%clk 0:41:17]} 29. Bb2 {[%clk 0:06:14]} g3 {[%clk 0:38:25]} 30. Rc1
{[%clk 0:05:22]} Rh6 {[%clk 0:36:18]} 31. Rh1 {[%clk 0:05:19]} Rxh1
{[%clk 0:36:25]} 32. Rxh1 {[%clk 0:05:20]} Rh6 {[%clk 0:36:45]} 33. Rh3
{[%clk 0:03:27]} b5 {[%clk 0:36:54]} 0-1